| 000 | 01112nam a2200253 a 4500 | ||
|---|---|---|---|
| 001 | 000025576 | ||
| 005 | 20200930023905.0 | ||
| 008 | 110216s1995 sp 000 p spa d | ||
| 020 | _a8475064434 | ||
| 040 |
_aDO-SdBNP _bspa _cBNPHU |
||
| 082 |
_a861.3 _bQ5p |
||
| 100 | 1 |
_aQuevedo, Francisco de, _d1580-1645 _96261 |
|
| 245 | 1 | 0 |
_aPoesía completa / _cFrancisco de Quevedo ; edición y prólogo de José Manuel Blecua. |
| 260 |
_aMadrid : _bTurner, _c1995. |
||
| 300 |
_a2 v. ; _c23 cm. |
||
| 490 | 1 | _aBiblioteca Castro. | |
| 505 | 1 |
_gv.1 _tPoemas metafísicos. --Heráclito cristiano. -- Poemas morales. -- Poemas religiosos. -- Poemas líricos. -- Elogios. -- epitafios. -- Tú mulos. -- Poemas amorosos. -- Canta sola a Lisi. -- _gv.2 _tPoemas satíricos. -- Sátiras personales. -- Járacas. -- Bailes. --Poemas heroico de las necedades y locuras de Orlando el enamorado. -- La toma de Valles Ronces. |
|
| 650 | 4 |
_aPoesía española _9631 |
|
| 650 | 4 |
_aLiteratura española _9632 |
|
| 700 | 1 |
_aBlecua, José Manuel , _eed. _915074 |
|
| 830 | 0 |
_aBiblioteca Castro _912631 |
|
| 910 | _aWM | ||
| 049 | _aBNGR | ||
| 999 |
_c25068 _d25068 |
||